BRUNNER & SUDDARTH'S TB. OF MEDICAL SURGICAL NURSING-II (Record no. 21973)

MARC details
000 -LEADER
fixed length control field 00377nam a22001457a 4500
003 - CONTROL NUMBER IDENTIFIER
control field SGT
020 ## - INTERNATIONAL STANDARD BOOK NUMBER
International Standard Book Number 9789387963726
082 ## - DEWEY DECIMAL CLASSIFICATION NUMBER
Classification number 610.7367
Item number B19S
100 ## - MAIN ENTRY--PERSONAL NAME
Personal name SHARMA, SURESH K.
245 ## - TITLE STATEMENT
Title BRUNNER & SUDDARTH'S TB. OF MEDICAL SURGICAL NURSING-II
260 ## - PUBLICATION, DISTRIBUTION, ETC. (IMPRINT)
Place of publication, distribution, etc INDIA
Name of publisher, distributor, etc WOLTERS KLUWER PUB
Year of Publication 2019
300 ## - PAGE DESCRIPTION
No. of Pages 2186
650 ## - SUBJECT ADDED ENTRY--TOPICAL TERM
Topical term or geographic name as entry element MEDICALL SURGICAL NURSING
942 ## - ADDED ENTRY ELEMENTS (KOHA)
Source of classification or shelving scheme Dewey Decimal Classification
Koha item type Books
942 ## - ADDED ENTRY ELEMENTS (KOHA)
-- 2
Holdings
Withdrawn status Lost status Source of classification or shelving scheme Damaged status Not for loan Collection code Home library Current library Shelving location Date acquired Vendor Name Volume Information (Serial or Books or Non-Book Material) SGTU Bill Number Total Checkouts Full call number Accession No. (Barcode) Date last seen Bill Date Koha item type Date last borrowed
    Dewey Decimal Classification   Not For Loan NURSING SGT Medical Library SGT Medical Library Reference Book 12/10/2021 ABC DELHI VOLUME-2 SGTU 13309   610.7367 B19S FN4632 15/04/2023   Books  
    Dewey Decimal Classification     NURSING SGT Medical Library SGT Medical Library Reference Book 12/10/2021 ABC DELHI VOLUME-2 SGTU 13309 9 610.7367 B19S FN4633 13/04/2026   Books 31/03/2026
    Dewey Decimal Classification   Not For Loan NURSING SGT Medical Library SGT Medical Library Reference Book 12/10/2021 ABC DELHI VOLUME-2 SGTU 13309   610.7367 B19S FN4634 12/10/2021   Books